01140nam a2200289Ia 450000500170000000800410001702000180005810000290007624501350010525000380024030000500027849000450032853400330037365000410040665000420044765000360048965000420052565000360056770000300060370000340063326400490066733600270071633700330074333800280077604000350080408400110083920220317001307.0161108s9999 mx a g 000 0 spa  a97896816394261 aFroissart, Bénédicte13aLa cena con el tío Enriquectexto de Bénédicte Froissart ; ilustraciones de Pierre Pratt ; traducción de Francisco Segovia a1a. edición b6a. reimpresión a[30] páginasbilustraciones en colorc21 cm aLos especiales de A la orilla del viento tUncle Henry´s dinner guests142LEMBaLiteratura infantil holandesa 142LEMB aCuentos infantiles holandeses 142LEMB aFamilia en la literatura142LEMB aImaginación en la literatura142LEMB aNiños en la literatura1 aPratt, Pierreeilustrador1 aSegovia, Franciscoetraductor aMéxicobFondo de Cultura Económicac1999 atextobtxt2rdacontent asin mediaciónbn2rdamedia avolumenbnc2rdacarrier aCO-BoRNBPbspaerdacCO-BoRNBP aC FRO1